| 000 | 00879cam a2200229 4500 | ||
|---|---|---|---|
| 001 | WB3631-42 | ||
| 008 | 000000n2000 000 0 eng u | ||
| 035 | _a(Sirsi) u107734 | ||
| 245 | _aNuisance abatement notices | ||
| 260 | _c2000 | ||
| 490 |
_aEstates Gazette Case Summaries _v[2000] EGCS 100(1) (05/08/00) |
||
| 520 | _a"Hewlings v Mclean Homes East Anglia Ltd", QBD 25 July 2000, which examined whether an abatement notice served on the principal office of the respondent company rather than its registered office, was valid. Appeal dismissed. | ||
| 590 | _aWB | ||
| 650 | _aHEWLINGS V MCLEAN HOMES EAST ANGLIA LTD | ||
| 650 | _aNUISANCE ABATEMENT NOTICES | ||
| 650 | _aABATEMENT NOTICES | ||
| 650 | _aREGISTERED ADDRESS | ||
| 650 | _aENVIRONMENTAL PROTECTION ACT 1990 S82 | ||
| 650 | _aENVIRONMENTAL PROTECTION ACT 1990 S160 | ||
| 690 | _aLAW | ||
| 942 | _n0 | ||
| 999 |
_c64356 _d64356 |
||